| 000 | 00818cam0a220024100 4500 | ||
|---|---|---|---|
| 001 | qce00844437 | ||
| 005 | 20190814132635.0 | ||
| 008 | 730531s1973 wau 000 0 eng u | ||
| 035 | _a(Sirsi) r68361 | ||
| 035 | _a(QCAT)lss00432359 | ||
| 035 | _a(UPRA)qce00844437 | ||
| 040 | _dUPRA | ||
| 110 | 2 |
_aAmerican Pharmaceutical Association. _6A29417.1 |
|
| 245 | 1 | 0 |
_aEvaluations of drug interactions, 1973. / _cPrepared with the cooperation and assistance of the American Dental Association [and others]. |
| 250 | _a1st ed. | ||
| 260 |
_aWashington, _c[c1973] |
||
| 504 | _aIncludes bibliographies. | ||
| 650 | 0 |
_aDrug synergism. _6S21287.1 |
|
| 650 | 2 |
_aDrug Interactions. _6S21286.2 |
|
| 710 | 2 |
_aAmerican Dental Association. _6A29418.1 |
|
| 949 |
_aRM302 _wLC _i-91733 _mMEDICAL _tBOOK _lON-SHELF |
||
| 004 | 68361 | ||
| 999 |
_c55908 _d55908 |
||